00613nam a2200217Ia 4500003000900000008004100009040001300050040001300063041000800076100001700084245002900101250001200130260001300142260000900155300001100164300001000175490000600185942000700191999001700198952018000215IT-RoPAU120407s9999 xx 000 0 und d aIT-RoPAU cIT-RoPAU aita aLuciano Radi aUn grappolo di tonache.  aMilano  aRusconi  c1981 a188 p. c22 cm v1 cBK c27748d27748 00102ddc406850_00000000000000071aPAULUSbPAULUSd2012-04-11l0o850.0r2012-04-11 00:00:00w2012-04-11yBKzInserito da: In data: n.d. fondo: Via A.Severo 56 Progr:35943